| 000 | 00605nam a2200205 4500 | ||
|---|---|---|---|
| 001 | 117651 | ||
| 003 | ES-MaACL | ||
| 005 | 20260210161951.0 | ||
| 007 | t| | ||
| 008 | 070214s1960 sp r ||||1| spa d | ||
| 100 | 1 |
_aPapadakis, Juan. _988856 |
|
| 245 | 1 | 0 |
_aGeografía agrícola mundial / _cJuan Papadakis. |
| 250 | _a1ª ed. | ||
| 260 |
_aBarcelona [etc.] : _bSalvat, _c1960. |
||
| 300 |
_a648 p. : _bil. ; _c23 cm + _e5 map. pleg. |
||
| 490 | 1 | _aColección agrícola Salvat | |
| 830 | 0 |
_aColección agrícola Salvat _9181203 |
|
| 852 |
_aES-MaACL _jC-18318 _bR.46098 |
||
| 999 |
_c117651 _d117651 |
||